书目信息 |
| 书名: | Noise and vibration | |
| 作者: | edited by R.G. White and J.G. Walker. | |
| 分册号: | ||
| 分册名: | 出版地: | Chichester [West Sussex] : |
|
| 出版社: | Ellis Horwood | |
| 出版时间: | 1982. | |
| 页数: | 866 p. : | |
| 开本: | 24 cm. | |
| 丛书名: | ||
| 中图分类号: | ||
| 科图分类号: | ||
| 其他分类号: | O42:H31 | |
| 主题词: | ||
| 电子资源: | ||
| 000 | 01001pam a2200301 a 450 | |
| 001 | E0735133968 | |
| 005 | 20070717095007.57 | |
| 008 | 820727s1982 enka b 001 0 eng | |
| 010 | @a82012110 | |
| 020 | @a0853125023 :@c£40.00. | |
| 020 | @a0470275537 (U.S.). | |
| 035 | @A(DLC) 82012110 | |
| 040 | @aDLC@cDLC@dDLC | |
| 050 | 00 | @aTJ179@b.N64 1982 |
| 082 | 00 | @a620.3@2 19 |
| 090 | @aO42:H31 | |
| 099 | @dO42:H31@ex25 | |
| 245 | 00 | @aNoise and vibration / @cedited by R.G. White and J.G. Walker. |
| 260 | @aChichester [West Sussex] :@bEllis Horwood ;@aNew York :@bHalsted Press, [distributor],@c1982. | |
| 300 | @a866 p. :@bill. ;@c24 cm. | |
| 504 | @aIncludes bibliographical references and index. | |
| 650 | 0 | @aVibration. |
| 650 | 0 | @aMachinery@xNoise. |
| 650 | 0 | @aAcoustical engineering. |
| 700 | 1 | @aWhite, R. G. |
| 700 | 1 | @aWalker, J. G.@q(John Gerard),@d1940- |
| 906 | @a7@bcbc@corignew@d1@eocip@f19@gy-gencatlg | |
| 991 | @bc-GenColl@hTJ179@i.N64 1982@tCopy 1@wBOOKS | |
| Noise and vibration / / edited by R.G. White and J.G. Walker.-Chichester [West Sussex] : : Ellis Horwood ; ; New York : : Halsted Press, [distributor], , 1982. |
| 866 p. : : ill. ; ; 24 cm. |
| Includes bibliographical references and index. |
| ISBN 0853125023 :£40.00. |
| ● |
| 相关链接 |
|
|
|
|
正题名:Noise and vibration
索取号:O42:H31/x25
 
预约/预借
| 序号 | 登录号 | 条形码 | 馆藏地/架位号 | 状态 | 备注 |
| 1 | 136925 | 202162578 | 第四借阅区/ [索取号:O42:H31/x25] | 在馆 | |
| 2 | 136926 | 202161999 | 第四借阅区/ [索取号:O42:H31/x25] | 在馆 | |
| 3 | 136927 | 202162140 | 第四借阅区/ [索取号:O42:H31/x25] | 在馆 | |
| 4 | 136928 | 202162569 | 第四借阅区/ [索取号:O42:H31/x25] | 在馆 | |
| 5 | 136929 | 202162612 | 第二样本阅览室/ [索取号:O42:H31/x25] | 在馆 |